Discrete time signal processing (Record no. 241095)

MARC details
000 -LEADER
fixed length control field 02113nam a22002777a 4500
005 - DATE AND TIME OF LATEST TRANSACTION
control field 20260401094212.0
008 - FIXED-LENGTH DATA ELEMENTS--GENERAL INFORMATION
fixed length control field 260401b |||||||| |||| 00| 0 eng d
020 ## - INTERNATIONAL STANDARD BOOK NUMBER
International Standard Book Number 9789354661242
040 ## - CATALOGING SOURCE
Transcribing agency AL
041 ## - LANGUAGE CODE
Language code of text/sound track or separate title English
082 ## - DEWEY DECIMAL CLASSIFICATION NUMBER
Classification number 621.3822
Item number KAND
100 ## - MAIN ENTRY--PERSONAL NAME
Personal name A Nagoor Kani
100 ## - MAIN ENTRY--PERSONAL NAME
9 (RLIN) 259942
245 ## - TITLE STATEMENT
Title Discrete time signal processing
260 ## - PUBLICATION, DISTRIBUTION, ETC.
Place of publication, distribution, etc. New Delhi
Name of publisher, distributor, etc. CBS Publishers and Distributors Pvt Ltd
Date of publication, distribution, etc. 2024
300 ## - PHYSICAL DESCRIPTION
Extent xix,648p.
Other physical details PB
Dimensions 24x17cm.
365 ## - TRADE PRICE
Price type code VBI-2645
Price amount ₹562.50
Currency code
Unit of pricing ₹750.00
Price note 25%
Price effective from 20-02-2026
520 ## - SUMMARY, ETC.
Summary, etc. his book is organized into 5 chapters. The basic concepts of discrete time signals and systems and the computation of DFT and FFT are presented in first chapter. One chapter is devoted to each topic in discrete time signal processing like IIR filters, FIR filters, finite word length effects and digital signal processors. Considering the highly mathematical nature of this subject, more emphasis has been given to problem-solving methodology. Each chapter provides the foundations and practical implications with a large number of solved numerical examples for better understanding. Salient Features Clear explanation of concepts with appropriate diagrams. Additional explanations for solutions and proofs are provided in separate boxes. Different types of fonts for text, proof and solved problems for better understanding. Step-by-step presentation of proofs and solved problems. Important concepts are summarized at the end of each chapter for quick reference. MATLAB programming will be useful for laboratory and other projects. TMS320 series DSP assembly language programs will be useful for laboratory and other projects. MATLAB programs related to this book are available free on CBSiCentral App.
650 ## - SUBJECT ADDED ENTRY--TOPICAL TERM
Topical term or geographic name entry element Discrete Fourier Transform
9 (RLIN) 259930
650 ## - SUBJECT ADDED ENTRY--TOPICAL TERM
Topical term or geographic name entry element Infinite Impulse Response (IIR) Filters
9 (RLIN) 259931
650 ## - SUBJECT ADDED ENTRY--TOPICAL TERM
Topical term or geographic name entry element Finite Impulse Response (FIR) Filters
9 (RLIN) 259932
650 ## - SUBJECT ADDED ENTRY--TOPICAL TERM
Topical term or geographic name entry element Finite Word Length Effects
9 (RLIN) 259933
650 ## - SUBJECT ADDED ENTRY--TOPICAL TERM
Topical term or geographic name entry element Digital Signal Processors
9 (RLIN) 259934
650 ## - SUBJECT ADDED ENTRY--TOPICAL TERM
Topical term or geographic name entry element For Anna University
9 (RLIN) 259935
650 ## - SUBJECT ADDED ENTRY--TOPICAL TERM
Topical term or geographic name entry element ECE Course
9 (RLIN) 259936
942 ## - ADDED ENTRY ELEMENTS (KOHA)
Source of classification or shelving scheme Dewey Decimal Classification
Koha item type Book
Holdings
Withdrawn status Lost status Source of classification or shelving scheme Damaged status Not for loan Collection code Home library Current library Date acquired Source of acquisition Cost, normal purchase price Total Checkouts Full call number Barcode Date last seen Cost, replacement price Price effective from Koha item type
    Dewey Decimal Classification     Electronics and Communication Engineering St Aloysius Engineering Library St Aloysius Engineering Library 03/24/2026 Vidyarthi Books 562.50   621.3822 KAND SE000367 04/01/2026 750.00 02/20/2026 Book